Quizzes
Events
Quiz Creation
Community
Videos
Private Events
Remove Ads
Sign In
Join for FREE
Feedback
Dark Mode
Quiz Categories
Sports
Geography
Music
Movies
Television
Just For Fun
Miscellaneous
History
Literature
Language
Science
Gaming
Entertainment
Religion
Holiday
For Kids
Quiz Lab
Recent
Popular Today
Quiz Kudos Today
Editor Picks
Curator Picks
Quizzes by...
Day
Popularity
Type
Ratings
Length
Year
Community
Subscriptions
Recent Discussions
Orange Saloon
Badges
Playlists
Quests
Create
Leaderboards
Showdown
Live 5
Trivia Bingo
Activity
Puzzle Library
Sporcle Events
Private Events
Virtual Trivia
Globe League
Become a Host
Pub Owners
SporcleCon
Opinionation
Our Games
Videos
Blog
Mobile Apps
Partnerships
Remove Ads and Go Orange
Feedback
Science
Computer
Plants
Astronomy
Chemistry
Elements
Math
Animal
Physics
Anatomy
Biology
Geology
General Science
Science
Computer
Plants
Astronomy
Chemistry
Elements
Math
Animal
Physics
Anatomy
Biology
Geology
General Science
Random Quiz
Search Sporcle
×
Quiz Lab
Quiz Lab
Science
Type in answers that appear in a list
Type in answers that appear in a list
Classic
Best Score? Go Orange.
Biochem2 Stats
Can you name the Biochem2?
By
ntrabbitguy
20m
49 Questions
10 Plays
10 Plays
10 Plays
Comments
Comments
Give Quiz Kudos
Give Quiz Kudos
-
- Ratings
hide this ad
Forced Order
Answers have to be entered in order
Answers have to be entered in order
Replay
Link that replays current quiz
Next Quiz
Link to next quiz in quiz playlist
You Got
0%
They Got
Avg Score
47%
Avg Friend Score
Upgrade to see
Score Distribution
Jump to the score distribution portion of the page
Score
0/49
Timer
20:00
0
Plays Today
% Correct
True, with chronic cases you have less functional tissue producing the enzymes
100%
serum amylase
90%
Serum lipase
90%
false, this indicates chymotrypsin is active
70%
90%
70%
false, they tend to release more insulin
70%
glycosylated hemoglobin
70%
4
70%
False, it intermediates between VLDL and LDL.
70%
Serum trypsin-like immunoreactivity (TLI)
60%
pancreatic lipase
60%
Insulinoma
60%
step 2
60%
step 1
60%
step 4
60%
step 3
60%
VLDL
60%
Liver (still do in adipose and mammary tissues, like everyone else)
60%
Decreased
60%
Nope.
60%
true
60%
lipase
50%
pancreatic insufficiency
50%
A, B, C, D, E, H
50%
Albumin
50%
% Correct
carnitine
50%
beta-hydroxybutyrate
50%
glucagon:insulin
50%
chylomicrons and VLDL
40%
VLDL
40%
cholesterol
40%
xanthoma
40%
acetyl-coA
40%
oxaloacetate
40%
trypsinogen activation peptide (TAP)
30%
norepinephrine and epinephrine
30%
VLDL and chylomicrons
30%
primary hyperlipidemia
30%
LCFA
30%
gluconeogenesis
30%
receptor ligands
20%
increase fat solubility
20%
malonyl coA
20%
glucagon and growth hormone
20%
acetyl-coA
20%
fat accumulation
20%
enzyme co-factors
10%
acetyl coA carboxylase and fatty acid synthase
10%
To get LCFA into mitochondrial matrix
10%
Quiz Playlist
Details
Report
Send in Message
Add To Playlist
Classic:
Type in answers that appear in a list
Forced Order:
Answers have to be entered in order
Last Updated: Feb 16, 2017
Quiz Scoreboard
CHALLENGE
Sign Up to Join the Scoreboard
Show All
Scores
Hide
Comments
May contain spoilers
Recently Published
College Basketball Coaching Resumes
by pancakes188
Sports
9m
Billboard Blitz: Fleetwood Mac
by CooCooCachoo
Music
15s
Presidents Visiting Landmarks
by Hejman
History
7m
More to Explore
Quiz From the Vault
Featured Blog Post
Where Did the Easter Bunny Come From?
hide this ad
You Might Also Like...
Tags
This quiz does not have any tags.
Today's Top Quizzes in Science
Browse Science
hide this ad
Top Contributed Quizzes in Science
1
Quick Pick: Radians
2
Quick Pick: 'CI-CJ' Animals
3
The First 100 Digits of Pi
4
Elements In Images
5
One Thing in Common: Science
6
Science Jokes
7
Name the Acid, Base or Salt
8
One Thing in Common: Science II
9
One Thing in Common: Science III
10
One Thing in Common: Animals
Explore More
Trending Topics
Marvel
NBA
Disney
Anime
Kpop
Crossword
Harry Potter
Song
The Office
Soccer
WWE
Pokémon
NFL
Country
Puzzle
hide this ad
More By:
ntrabbitguy
Quiz
Plays
Rating
Category
Featured
Created
Renal physiology
122
Science
Apr 9, 2012
Osteology of limbs and hindlimb
107
1.00
Science
Mar 24, 2012
Immunology
105
Science
Apr 7, 2012
Ruminant, equine and urogenital abdominal anatomy
68
Science
Mar 10, 2012
Histology Final
44
Science
Apr 12, 2012
Go to Creator's Profile
Score Distribution
Quiz Creator Spotlight
ntrabbitguy
Follow
Send a Message
Quizzes Created
-
Created Quiz Play Count
-
More By This Creator
Popular Quizzes Today
1
Find the US States - No Outlines Minefield
2
Find the Countries of Europe - No Outlines Minefield
3
The Countries of the World
4
Find the US States
5
Risky Map Clicking: Biggest States A-Z
6
US States
7
Popular People in 1961
8
Movies - When Are They Set?
More Science Quizzes
► Animals - Crocodilians
Quiz Lab
Trending Quizzes
Risky Map Clicking: Least Populous States A-Z
1-10 Letter G Words
1-10 Letter F Words
Risky Map Clicking: Next State Alphabetically
Risky Map Clicking: Biggest States A-Z
Recently Updated
Leaping Animals
pecheneg
Reality TV Shows (A-Z)
bhenderson79
Rickey Henderson's Hall of Fame Teammates
pecheneg
Champions League XIs: Arsenal
pecheneg
Quick Pick: Celebrities in WWE's Hall of Fame
aduchscher
A-Z Keypad Blitz II
pecheneg
Multiple Oscar Actors
pecheneg
Mystery Phrase Blitz: Oscar 'Best Actors'
pecheneg
F. Scott Fitzgerald Novels
LTH
Pick 3 Villains
ddd62291
Trending Topics
Harry Potter
Marvel
Kpop
Crossword
Anime
Disney
NBA
Song
Country
Pokémon
Puzzle
WWE
NFL
Soccer
The Office
Your Account Isn't Verified!
In order to create a playlist on Sporcle, you need to verify the email address you used during registration. Go to your
Sporcle Settings
to finish the process.
Report this User
Report this user for behavior that violates our
Community Guidelines
.
Details:
Send Report
Go to the Sporcle.com Mobile Site →
Comments